000 00570nam a2200217Ia 4500
003 OSt
005 20220923230924.0
006 a|||||r|||| 00| 0
007 ta
008 Pun
024 _a306,480
037 _cTextual
040 _aARTS
_cARTS
_bPun
041 _2Pun
_aPun
082 _aQ8441wK66, 153L0
100 _aਕਮਾਲਵੀ, ਜੇ ਐਸ
245 0 _aਗੁਰੂ ਗੋਬਿੰਦ ਸਿੰਘ ਜੀ
260 _c1970
942 _hQ8441wK66, 153L0
_cTEXL
_2CC
999 _c388261
_d388261